IMPACT AND INFLUENCES (Record no. 1722)
[ view plain ]
| 000 -LEADER | |
|---|---|
| fixed length control field | 00655nam a22002177a 4500 |
| 003 - CONTROL NUMBER IDENTIFIER | |
| control field | OSt |
| 005 - DATE AND TIME OF LATEST TRANSACTION | |
| control field | 20260327204128.0 |
| 008 - FIXED-LENGTH DATA ELEMENTS--GENERAL INFORMATION | |
| fixed length control field | 241128b |||||||| |||| 00| 0 eng d |
| 020 ## - INTERNATIONAL STANDARD BOOK NUMBER | |
| International Standard Book Number | 9780416006124 |
| 020 ## - INTERNATIONAL STANDARD BOOK NUMBER | |
| International Standard Book Number | 0416006124 |
| 040 ## - CATALOGING SOURCE | |
| Language of cataloging | ENGLISH |
| Transcribing agency | CENTRAL UNIVERSITY |
| 050 ## - LIBRARY OF CONGRESS CALL NUMBER | |
| Classification number | P 92. G7146 IMP |
| 100 ## - MAIN ENTRY--PERSONAL NAME | |
| Personal name | CURRAN, JAMES |
| 245 ## - TITLE STATEMENT | |
| Title | IMPACT AND INFLUENCES |
| 260 ## - PUBLICATION, DISTRIBUTION, ETC. | |
| Place of publication, distribution, etc. | LONDON |
| Name of publisher, distributor, etc. | METHUEN AND CO. LTD |
| Date of publication, distribution, etc. | 1987 |
| 500 ## - GENERAL NOTE | |
| General note | ix. 348p, bibliographies and index |
| 600 ## - SUBJECT ADDED ENTRY--PERSONAL NAME | |
| Source of heading or term | MASS MEDIA- BRITAIN |
| 610 ## - SUBJECT ADDED ENTRY--CORPORATE NAME | |
| Source of heading or term | ACTON SOCIETY TRUST |
| 700 ## - ADDED ENTRY--PERSONAL NAME | |
| Personal name | CURRAN, JAMES, SMITH ANTHONY, WINGATE PAULINE (eds) |
| 942 ## - ADDED ENTRY ELEMENTS (KOHA) | |
| Source of classification or shelving scheme | Library of Congress Classification |
| Koha item type | Books |
| Classification part | P 92.G 7146 IMP |
| Suppress in OPAC | No |
| Withdrawn status | Lost status | Source of classification or shelving scheme | Damaged status | Not for loan | Collection | Home library | Current library | Shelving location | Date acquired | Total checkouts | Full call number | Barcode | Date last seen | Copy number | Price effective from | Koha item type |
|---|---|---|---|---|---|---|---|---|---|---|---|---|---|---|---|---|
| Library of Congress Classification | Non-fiction | Business Library (Miotso) | Business Library (Miotso) | General stacks | 03/27/2026 | P92 .G7146 IMP | BSSM00003113 | 03/27/2026 | 6 | 03/27/2026 | Books | |||||
| Library of Congress Classification | Non-fiction | Business Library (Miotso) | Business Library (Miotso) | General stacks | 03/27/2026 | P92 .G7146 IMP | BSSM00003114 | 03/27/2026 | 7 | 03/27/2026 | Books | |||||
| Library of Congress Classification | Non-fiction | Graduate Library (Christ Temple) | Graduate Library (Christ Temple) | General stacks | 11/28/2024 | P 92 .G7146 IMP | gsct00000163 | 11/28/2024 | 1 | 11/28/2024 | Books | |||||
| Library of Congress Classification | Non-fiction | Graduate Library (Christ Temple) | Graduate Library (Christ Temple) | General stacks | 11/28/2024 | P 92 .G7146 IMP | GSCT000000164 | 11/28/2024 | 2 | 11/28/2024 | Books | |||||
| Library of Congress Classification | Non-fiction | Graduate Library (Christ Temple) | Graduate Library (Christ Temple) | General stacks | 11/28/2024 | P 92 .G7146 IMP | gsct00000165 | 11/28/2024 | 3 | 11/28/2024 | Books | |||||
| Library of Congress Classification | Non-fiction | Graduate Library (Christ Temple) | Graduate Library (Christ Temple) | General stacks | 11/28/2024 | P 92 .G7146 IMP | gsct00000166 | 11/28/2024 | 4 | 11/28/2024 | Books | |||||
| Library of Congress Classification | Non-fiction | Undergraduate Library (Christ Temple) | Undergraduate Library (Christ Temple) | General stacks | 12/17/2024 | P92.G7146 IMP | ulct00000661 | 12/17/2024 | 1 | 12/17/2024 | Books |